[Event "SWE-chB"]
[Site "Stockholm"]
[Date "2017.07.09"]
[Round "2"]
[White "Eriksson, Johan"]
[Black "Ernst, Thomas"]
[Result "1/2-1/2"]
[WhiteElo "2391"]
[BlackElo "2381"]
[PlyCount "119"]
[EventDate "2017.07.08"]
[EventType "tourn"]
[EventRounds "9"]
[EventCountry "SWE"]
[EventCategory "4"]
[SourceTitle "EXT 2018"]
[Source "ChessBase"]
[SourceDate "2017.10.13"]
[SourceVersion "1"]
[SourceVersionDate "2017.10.13"]
[SourceQuality "1"]

1. d4 Nf6 2. c4 e6 3. Nc3 Bb4 4. f3 d5 5. a3 Bxc3+ 6. bxc3 c5 7. cxd5 Nxd5 8. dxc5 Qa5 9. e4 Ne7 10. Be3 0-0 11. Qb3 Qc7 12. Bb5 Nec6 13. Ne2 Na5 14. Qb4 e5 15. 0-0 Be6 16. Nd4 exd4 17. cxd4 Nbc6 18. Qc3 Nb3 19. Rab1 Nbxd4 20. Bxd4 Nxd4 21. Qxd4 Rac8 22. Rfc1 Rfd8 23. Qe3 Qa5 24. Bf1 Rc7 25. Rb5 Qd2 26. Qxd2 Rxd2 27. Ra5 a6 28. c6 Rd8 29. Rac5 b6 30. R5c3 b5 31. Rc5 Kf8 32. a4 bxa4 33. Ra5 Bb3 34. Rxa6 Rd1 35. Rxd1 Bxd1 36. Bb5 Ke7 37. Kf2 Kd6 38. Bxa4 Bxa4 39. Rxa4 Rxc6 40. g4 g5 41. Ra5 h6 42. Kg3 Ke7 43. h4 Kf6 44. Rf5+ Kg6 45. h5+ Kg7 46. Kf2 Rc3 47. Rd5 Ra3 48. Ke2 Rb3 49. Rd3 Rxd3 50. Kxd3 Kf6 51. Kd4 Ke6 52. e5 f6 53. exf6 Kxf6 54. Kd5 Kf7 55. Kd6 Kf6 56. Kd5 Kf7 57. Ke5 Ke7 58. Kf5 Kf7 59. Ke5 Ke7 60. Kd5 1/2-1/2

[Event "SWE Cup"]
[Site "Sweden"]
[Date "2017.01.14"]
[Round "4.4"]
[White "Eriksson, Johan"]
[Black "Johansson, Thomas1111"]
[Result "1/2-1/2"]
[WhiteElo "2393"]
[BlackElo "2239"]
[PlyCount "127"]
[EventDate "2017.01.14"]
[EventType "team-tourn"]
[EventRounds "9"]
[EventCountry "SWE"]
[SourceTitle "EXT 2018"]
[Source "ChessBase"]
[SourceDate "2017.10.13"]
[SourceVersion "1"]
[SourceVersionDate "2017.10.13"]
[SourceQuality "1"]
[WhiteTeam "Vasteras"]
[BlackTeam "Upsala"]
[WhiteTeamCountry "SWE"]
[BlackTeamCountry "SWE"]

1. d4 Nf6 2. c4 e6 3. Nc3 Bb4 4. f3 c5 5. d5 d6 6. e4 Qe7 7. Nge2 0-0 8. a3 Ba5 9. Bg5 Nbd7 10. Qa4 Bxc3+ 11. Nxc3 h6 12. Bh4 Ne5 13. Be2 Ng6 14. Bg3 exd5 15. cxd5 Nh5 16. Bf2 Nhf4 17. Bf1 Ne5 18. 0-0-0 Bd7 19. Qc2 c4 20. Bg3 Ned3+ 21. Kb1 b5 22. Qd2 Qf6 23. Ne2 Nh5 24. Nc1 Nxg3 25. hxg3 Nc5 26. Qf4 Qe5 27. Qxe5 dxe5 28. g4 Rfc8 29. Be2 a5 30. d6 f6 31. Rd2 Rab8 32. Rhd1 Kf7 33. g3 Ne6 34. Rd5 Nd4 35. R5xd4 exd4 36. Rxd4 Be6 37. f4 Ke8 38. Na2 Kd7 39. Nc3 Rc5 40. a4 bxa4 41. Ka2 Rb4 42. Bd1 Kd8 43. Bxa4 Bxg4 44. e5 fxe5 45. fxe5 Be6 46. Rf4 Rxa4+ 47. Nxa4 Rxe5 48. Nb6 Ke8 49. Ka3 Rb5 50. Nxc4 Bxc4 51. Rxc4 Rg5 52. g4 Kd7 53. Rd4 g6 54. b4 axb4+ 55. Kxb4 h5 56. gxh5 gxh5 57. Kc3 Rg6 58. Kd3 Rh6 59. Ke3 h4 60. Kf2 h3 61. Kg1 h2+ 62. Kh1 Rxd6 63. Rxd6+ Kxd6 64. Kxh2 1/2-1/2

[Event "SWE-chT 1516"]
[Site "Sweden"]
[Date "2016.03.18"]
[Round "7.5"]
[White "Krupenski, Juri"]
[Black "Eriksson, Johan"]
[Result "1/2-1/2"]
[WhiteElo "2403"]
[BlackElo "2398"]
[PlyCount "43"]
[EventDate "2015.11.06"]
[EventType "team-tourn"]
[EventRounds "9"]
[EventCountry "SWE"]
[SourceTitle "EXT 2017"]
[Source "ChessBase"]
[SourceDate "2016.10.25"]
[SourceVersion "1"]
[SourceVersionDate "2016.10.25"]
[SourceQuality "1"]
[WhiteTeam "Burgsvik Alva"]
[BlackTeam "Vasteras"]
[WhiteTeamCountry "SWE"]
[BlackTeamCountry "SWE"]

1. d4 Nf6 2. c4 g6 3. Nc3 Bg7 4. e4 d6 5. Nf3 0-0 6. Be2 e5 7. d5 a5 8. Bg5 h6 9. Bh4 Na6 10. Nd2 Qe8 11. 0-0 Bd7 12. Kh1 Nh7 13. a3 a4 14. Nb5 h5 15. f3 Bh6 16. b4 axb3 17. Nxb3 Bg5 18. Bf2 h4 19. a4 Nf6 20. c5 Qb8 21. Rb1 Nh5 22. cxd6 1/2-1/2

[Event "SWE-chT 1516"]
[Site "Sweden"]
[Date "2016.01.30"]
[Round "5"]
[White "Urkedal, Frode Olav Olsen"]
[Black "Eriksson, Johan"]
[Result "1-0"]
[WhiteElo "2507"]
[BlackElo "2398"]
[PlyCount "61"]
[EventDate "2015.11.06"]
[EventType "team-tourn"]
[EventRounds "9"]
[EventCountry "SWE"]
[SourceTitle "EXT 2018"]
[Source "ChessBase"]
[SourceDate "2017.10.13"]
[SourceVersion "1"]
[SourceVersionDate "2017.10.13"]
[SourceQuality "1"]
[WhiteTeam "Farsta"]
[BlackTeam "Vasteras"]
[WhiteTeamCountry "SWE"]
[BlackTeamCountry "SWE"]

1. d4 Nf6 2. c4 g6 3. Nc3 Bg7 4. e4 d6 5. Nf3 0-0 6. h3 e5 7. d5 a5 8. g4 Na6 9. Be3 Nc5 10. Qc2 Qe7 11. 0-0-0 Bd7 12. Be2 c6 13. Bxc5 dxc5 14. d6 Qd8 15. Nxe5 Nxe4 16. Qxe4 Re8 17. f4 f6 18. Bd3 fxe5 19. f5 a4 20. fxg6 a3 21. gxh7+ Kh8 22. b3 Rf8 23. Rhf1 Rf4 24. Qe3 Rxf1 25. Rxf1 e4 26. Nxe4 Qe8 27. Qxc5 b6 28. Qg5 Ra5 29. Qe7 Re5 30. Qxe8+ Bxe8 31. Nf6 1-0

[Event "SWE-ch"]
[Site "Vasteras"]
[Date "2011.07.24"]
[Round "9"]
[White "Eriksson, Johan"]
[Black "Hillarp Persson, Tiger"]
[Result "0-1"]
[WhiteElo "2401"]
[BlackElo "2547"]
[PlyCount "88"]
[EventDate "2011.07.16"]
[EventType "tourn"]
[EventRounds "9"]
[EventCountry "SWE"]
[EventCategory "10"]
[SourceTitle "CBM 143 Extra"]
[Source "ChessBase"]
[SourceDate "2011.08.29"]
[SourceVersion "1"]
[SourceVersionDate "2011.08.29"]
[SourceQuality "1"]

1. d4 e6 2. Nf3 c5 3. g3 b5 4. Bg2 Bb7 5. Na3 Qb6 6. dxc5 Bxc5 7. 0-0 Nf6 8. b4 Bxb4 9. Rb1 Bxa3 10. Bxa3 a5 11. Ne5 Bxg2 12. Nc4 Qc6 13. Nd6+ Kf8 14. Rxb5 Bxf1 15. Nf5+ d6 16. Bxd6+ Ke8 17. Nxg7+ Kd7 18. Ba3+ Nd5 19. Rc5 Qb7 20. c4 Na6 21. Qa4+ Kd8 22. Rb5 Nc3 23. Qxa5+ Nc7 24. Rxb7 Rxa5 25. Bb4 Ra8 26. Bxc3 Bxe2 27. Nxe6+ fxe6 28. Bxh8 Kc8 29. Rb2 Bxc4 30. Rc2 Ra4 31. Be5 Nb5 32. h4 Kd7 33. Kh2 Na7 34. Rc3 Nc6 35. Bf6 Bxa2 36. f3 h5 37. Kh3 Bd5 38. Re3 Ke8 39. Bg5 Nd4 40. g4 Bxf3 41. gxh5 Bxh5 42. Rc3 Bg4+ 43. Kg2 Ra2+ 44. Kf1 Nf3 0-1

[Event "SWE-ch"]
[Site "Vasteras"]
[Date "2011.07.17"]
[Round "2"]
[White "Eriksson, Johan"]
[Black "Lindberg, Bengt"]
[Result "1/2-1/2"]
[WhiteElo "2401"]
[BlackElo "2391"]
[PlyCount "95"]
[EventDate "2011.07.16"]
[EventType "tourn"]
[EventRounds "9"]
[EventCountry "SWE"]
[EventCategory "10"]
[SourceTitle "CBM 143 Extra"]
[Source "ChessBase"]
[SourceDate "2011.08.29"]
[SourceVersion "1"]
[SourceVersionDate "2011.08.29"]
[SourceQuality "1"]

1. d4 Nf6 2. c4 e6 3. Nc3 Bb4 4. Qc2 d5 5. a3 Bxc3+ 6. Qxc3 Ne4 7. Qc2 c5 8. dxc5 Nc6 9. e3 Qa5+ 10. Bd2 Nxd2 11. Qxd2 dxc4 12. Bxc4 Qxc5 13. Rc1 Qg5 14. f4 Qh4+ 15. Qf2 Qxf2+ 16. Kxf2 Ke7 17. Nf3 Rd8 18. Bb5 Bd7 19. Rc2 Rdc8 20. Rhc1 f6 21. Nd2 h6 22. Nb3 a6 23. Be2 Nd8 24. Nc5 Rc7 25. Nxd7 Rxc2 26. Rxc2 Kxd7 27. Bh5 Rb8 28. h4 Nc6 29. g3 Na7 30. Bf3 Nc8 31. g4 Nd6 32. Rd2 Kc7 33. Ke2 Re8 34. Rc2+ Kb6 35. Rd2 Kc7 36. Rc2+ Kb6 37. Kd3 a5 38. Rg2 Rd8 39. Kc3 Rc8+ 40. Kb3 Rc5 41. Rd2 Kc7 42. Rd3 b6 43. Rc3 Rxc3+ 44. Kxc3 e5 45. Bd5 g5 46. hxg5 hxg5 47. fxg5 fxg5 48. Kd3 1/2-1/2

[Event "SWE-chT 1011"]
[Site "Sweden"]
[Date "2011.03.12"]
[Round "10"]
[White "Vas, Peter1111"]
[Black "Eriksson, Johan"]
[Result "1/2-1/2"]
[WhiteElo "2293"]
[BlackElo "2405"]
[PlyCount "71"]
[EventDate "2010.10.08"]
[EventType "team-tourn"]
[EventRounds "11"]
[EventCountry "SWE"]
[SourceTitle "EXT 2012"]
[Source "ChessBase"]
[SourceDate "2011.11.24"]
[SourceVersion "1"]
[SourceVersionDate "2011.11.24"]
[SourceQuality "1"]
[WhiteTeam "Manhem"]
[BlackTeam "Vasteras"]
[WhiteTeamCountry "SWE"]
[BlackTeamCountry "SWE"]

1. e4 c5 2. Nf3 d6 3. d4 cxd4 4. Nxd4 Nf6 5. f3 e6 6. c4 Be7 7. Nc3 a6 8. Be3 0-0 9. Be2 Qc7 10. 0-0 b6 11. Qd2 Bb7 12. Rac1 Nbd7 13. Rfd1 Rac8 14. b4 Qb8 15. a3 Rfe8 16. Bf1 Bd8 17. Nb3 Bc7 18. Bf4 Ne5 19. Bxe5 dxe5 20. c5 Red8 21. Qe1 bxc5 22. Nxc5 a5 23. Nb5 Rxd1 24. Qxd1 Rd8 25. Qe1 Bc6 26. Nxc7 Qxc7 27. b5 Be8 28. Na4 Qd6 29. Qxa5 Qxa3 30. Rc3 Qe7 31. Qc7 Rd7 32. Qc5 Qd8 33. Nb2 Rb7 34. Qxe5 h6 35. Qc5 Bxb5 36. Bxb5 1/2-1/2

[Event "SWE-chT 0809"]
[Site "Sweden"]
[Date "2009.02.07"]
[Round "7"]
[White "Eriksson, Johan"]
[Black "Jonsson, Mikael"]
[Result "1-0"]
[WhiteElo "2441"]
[BlackElo "2336"]
[PlyCount "145"]
[EventDate "2008.10.25"]
[EventType "team-tourn"]
[EventRounds "11"]
[EventCountry "SWE"]
[SourceTitle "EXT 2011"]
[Source "ChessBase"]
[SourceDate "2010.11.26"]
[SourceVersion "1"]
[SourceVersionDate "2010.11.26"]
[SourceQuality "1"]

1. d4 d5 2. c4 c6 3. Nf3 Nf6 4. Nc3 dxc4 5. e3 Bg4 6. Bxc4 e6 7. h3 Bh5 8. g4 Bg6 9. Ne5 Nfd7 10. Nxg6 hxg6 11. Bf1 Nf6 12. Bg2 Nbd7 13. 0-0 Be7 14. f4 0-0 15. g5 Nh7 16. h4 Re8 17. e4 Ndf8 18. Be3 Qd7 19. Qf3 Bd8 20. Rad1 Bb6 21. Na4 Qe7 22. Nxb6 axb6 23. a3 Ra4 24. Bf2 b5 25. Rfe1 Qc7 26. Re2 b4 27. axb4 Rxb4 28. Be1 Ra4 29. b3 Raa8 30. Kh1 Red8 31. Bg3 Qb6 32. Red2 Ra3 33. Rd3 Rda8 34. Kh2 Qb5 35. d5 cxd5 36. exd5 exd5 37. Qxd5 Qxd5 38. Bxd5 Ra2+ 39. R1d2 R8a3 40. Rxa2 Rxa2+ 41. Kh3 b6 42. Bc4 Ne6 43. Rd6 Nhf8 44. Rxb6 Rd2 45. Rb8 Kh7 46. Rb7 Nd7 47. Bxe6 fxe6 48. b4 Kg8 49. Be1 Rd3+ 50. Kg2 Kf7 51. Rc7 Ke7 52. Rc6 Rb3 53. Bc3 Rb1 54. Rc4 Nb6 55. Rc7+ Nd7 56. Kf3 Kd6 57. Rc4 Rh1 58. Kg3 Rd1 59. Rd4+ Rxd4 60. Bxd4 Kd5 61. Bxg7 Ke4 62. Kg4 Nb6 63. Be5 Nd5 64. b5 Ne3+ 65. Kh3 Kd5 66. h5 gxh5 67. g6 Nf5 68. g7 Ne7 69. Kh4 Kc5 70. Kxh5 Kxb5 71. Kh6 Kc5 72. Kh7 Kd5 73. g8Q 1-0

[Event "SWE-chT 0809"]
[Site "Sweden"]
[Date "2008.11.15"]
[Round "2"]
[White "Berg, Emanuel"]
[Black "Eriksson, Johan"]
[Result "1/2-1/2"]
[WhiteElo "2706"]
[BlackElo "2441"]
[PlyCount "43"]
[EventDate "2008.10.25"]
[EventType "team-tourn"]
[EventRounds "11"]
[EventCountry "SWE"]
[SourceTitle "EXT 2011"]
[Source "ChessBase"]
[SourceDate "2010.11.26"]
[SourceVersion "1"]
[SourceVersionDate "2010.11.26"]
[SourceQuality "1"]

1. e4 c5 2. Nf3 d6 3. d4 cxd4 4. Nxd4 Nf6 5. Nc3 a6 6. Bg5 e6 7. f4 Qb6 8. Qd2 Qxb2 9. Nb3 Qa3 10. Bxf6 gxf6 11. Be2 Nc6 12. 0-0 Bd7 13. Bh5 Bg7 14. Rf3 0-0 15. Raf1 Rfd8 16. Rg3 Rac8 17. f5 Ne5 18. Qh6 Ng6 19. Qe3 Ne5 20. Qh6 Ng6 21. Qd2 Ne5 22. Qh6 1/2-1/2

[Event "SWE-chT 0607"]
[Site "Sweden"]
[Date "2007.03.18"]
[Round "11"]
[White "Lindgren, Fredrik"]
[Black "Eriksson, Johan"]
[Result "1-0"]
[WhiteElo "2278"]
[BlackElo "2447"]
[PlyCount "119"]
[EventDate "2006.10.20"]
[EventType "team"]
[EventRounds "11"]
[EventCountry "SWE"]
[SourceTitle "EXT 2009"]
[Source "ChessBase"]
[SourceDate "2008.11.26"]
[SourceVersion "1"]
[SourceVersionDate "2008.11.26"]
[SourceQuality "1"]
[WhiteTeam "Umea Rockaden"]
[BlackTeam "Vasteras"]
[WhiteTeamCountry "SWE"]
[BlackTeamCountry "SWE"]

1. e4 c5 2. Nf3 d6 3. d3 Nc6 4. g3 g6 5. Bg2 Bg7 6. 0-0 Nf6 7. c3 0-0 8. Re1 Bg4 9. h3 Bxf3 10. Qxf3 Rb8 11. a4 a6 12. Qd1 b5 13. axb5 axb5 14. d4 cxd4 15. cxd4 e5 16. Be3 Nxd4 17. Bxd4 exd4 18. Qxd4 Re8 19. Qb4 d5 20. exd5 Rxe1+ 21. Qxe1 Nxd5 22. Ra7 Rc8 23. Kh2 Nc7 24. Nc3 b4 25. Ne4 Bxb2 26. Qxb4 Rb8 27. Qc4 Ne6 28. h4 Qb6 29. Qa2 Qb3 30. Qxb3 Rxb3 31. Nd6 Ra3 32. Rxf7 Rd3 33. Rb7 Rxd6 34. Rxb2 Nf8 35. Bf1 Kg7 36. Bc4 h6 37. Rb7+ Rd7 38. Rb6 Nh7 39. Bb5 Rf7 40. Kg2 Nf6 41. Bd3 Rd7 42. Bb1 g5 43. h5 Nxh5 44. Rg6+ Kf7 45. Rxh6 Nf6 46. Rh1 Rd2 47. Kf3 Rb2 48. Rc1 Rb3+ 49. Ke2 Rb2+ 50. Kf3 Rb3+ 51. Kg2 Rb2 52. Bf5 Nd5 53. Re1 Nf6 54. Re5 Rd2 55. g4 Rd6 56. Kg3 Nd5 57. Bc2 Nb4 58. Be4 Nd3 59. Rf5+ Ke7 60. Bxd3 1-0

[Event "SWE-chT 0607"]
[Site "Sweden"]
[Date "2007.02.10"]
[Round "7"]
[White "Lyrberg, Patrik"]
[Black "Eriksson, Johan"]
[Result "1/2-1/2"]
[WhiteElo "2527"]
[BlackElo "2447"]
[PlyCount "79"]
[EventDate "2006.10.20"]
[EventType "team"]
[EventRounds "11"]
[EventCountry "SWE"]
[SourceTitle "EXT 2009"]
[Source "ChessBase"]
[SourceDate "2008.11.26"]
[SourceVersion "1"]
[SourceVersionDate "2008.11.26"]
[SourceQuality "1"]
[WhiteTeam "Wasa"]
[BlackTeam "Vasteras"]
[WhiteTeamCountry "SWE"]
[BlackTeamCountry "SWE"]

1. Nf3 Nf6 2. d4 e6 3. c4 d5 4. Nc3 c6 5. e3 Nbd7 6. Bd3 dxc4 7. Bxc4 b5 8. Bd3 a6 9. a4 Bb7 10. axb5 axb5 11. Rxa8 Qxa8 12. Qc2 b4 13. Ne4 Nxe4 14. Bxe4 c5 15. Bxb7 Qxb7 16. 0-0 Be7 17. Bd2 0-0 18. Rc1 Rc8 19. Qc4 Rb8 20. h3 h6 21. dxc5 Nxc5 22. Nd4 Bf8 23. Be1 e5 24. Nb3 Nxb3 25. Qxb3 Rc8 26. Rxc8 Qxc8 27. e4 Qc1 28. Kf1 Bc5 29. Ke2 Bd4 30. Bxb4 Qxb2+ 31. Qxb2 Bxb2 32. Kd3 f6 33. Kc4 Kf7 34. Kd5 h5 35. g3 g5 36. Bd2 Ba3 37. g4 hxg4 38. hxg4 Bb2 39. f3 Bd4 40. Bc1 1/2-1/2

[Event "SWE-chT 0607"]
[Site "Sweden"]
[Date "2006.10.22"]
[Round "3"]
[White "Hoi, Carsten"]
[Black "Eriksson, Johan"]
[Result "0-1"]
[WhiteElo "2413"]
[BlackElo "2447"]
[PlyCount "70"]
[EventDate "2006.10.20"]
[EventType "team"]
[EventRounds "11"]
[EventCountry "SWE"]
[SourceTitle "EXT 2009"]
[Source "ChessBase"]
[SourceDate "2008.11.26"]
[SourceVersion "1"]
[SourceVersionDate "2008.11.26"]
[SourceQuality "1"]
[WhiteTeam "Astorp"]
[BlackTeam "Vasteras"]
[WhiteTeamCountry "SWE"]
[BlackTeamCountry "SWE"]

1. d4 Nf6 2. Nf3 g6 3. c4 Bg7 4. Nc3 d6 5. e4 0-0 6. h3 c5 7. d5 e6 8. Bd3 exd5 9. exd5 Re8+ 10. Be3 Bf5 11. 0-0 Ne4 12. Nxe4 Bxe4 13. Bxe4 Rxe4 14. Qc2 Re8 15. Bf4 Na6 16. Rae1 Qd7 17. a3 Nc7 18. b4 cxb4 19. axb4 b5 20. Rxe8+ Rxe8 21. Rc1 h6 22. Qa2 bxc4 23. Qxa7 c3 24. Be3 Re7 25. Nd4 Nxd5 26. Qa8+ Qe8 27. Qxd5 Rxe3 28. Nf3 Re4 29. Qxd6 Qa4 30. Qd8+ Kh7 31. Qd5 Qxb4 32. Qxf7 Qb2 33. Rf1 c2 34. Qc7 Rb4 35. h4 Qc3 0-1

[Event "SWE-chT 0607"]
[Site "Sweden"]
[Date "2006.10.20"]
[Round "1"]
[White "Hector, Jonny"]
[Black "Eriksson, Johan"]
[Result "1-0"]
[WhiteElo "2635"]
[BlackElo "2447"]
[PlyCount "133"]
[EventDate "2006.10.20"]
[EventType "team"]
[EventRounds "11"]
[EventCountry "SWE"]
[SourceTitle "EXT 2009"]
[Source "ChessBase"]
[SourceDate "2008.11.26"]
[SourceVersion "1"]
[SourceVersionDate "2008.11.26"]
[SourceQuality "1"]
[WhiteTeam "Limhamn"]
[BlackTeam "Vasteras"]
[WhiteTeamCountry "SWE"]
[BlackTeamCountry "SWE"]

1. e4 c5 2. Nf3 d6 3. d4 cxd4 4. Nxd4 Nf6 5. Nc3 a6 6. Bg5 e6 7. f4 Qc7 8. Bxf6 gxf6 9. Be2 Nc6 10. Nxc6 bxc6 11. 0-0 Bb7 12. f5 e5 13. Na4 d5 14. c4 dxe4 15. Qc2 0-0-0 16. c5 e3 17. Rad1 Be7 18. Qc3 Rxd1 19. Rxd1 Rd8 20. Qxe3 Qa5 21. Rxd8+ Bxd8 22. Bd1 Qb5 23. b3 Qb4 24. Bh5 Qa3 25. Qd2 Be7 26. Qc2 Qb4 27. g3 a5 28. Be2 Qd4+ 29. Kg2 Kd8 30. Qd3 Qd5+ 31. Qf3 Bc8 32. Bd3 Bd7 33. Qe4 Bf8 34. Kf3 Bh6 35. Ke2 Kc7 36. Kd1 Qxe4 37. Bxe4 Be3 38. Kc2 Bd4 39. Bd3 h5 40. Kd2 Bg1 41. Ke2 Bc8 42. Kf3 Kd8 43. h3 Ke7 44. Be4 Bd7 45. Ke2 Bd4 46. Kd3 Bc8 47. Kd2 Ba6 48. Bd3 Bb5 49. Bxb5 cxb5 50. Nc3 Bxc5 51. Nd5+ Kd6 52. Nxf6 Bd4 53. Kd3 Kc5 54. Nxh5 Kb4 55. g4 Bc5 56. Nf6 Ka3 57. Ne4 Bf8 58. Kc2 Kxa2 59. Nc3+ Ka3 60. Nxb5+ Kb4 61. Nc3 Kc5 62. Kd3 Kb4 63. g5 Kxb3 64. f6 a4 65. Nxa4 Kxa4 66. h4 Kb5 67. h5 1-0

[Event "SWE-ch"]
[Site "Gothenburg"]
[Date "2006.07.12"]
[Round "11"]
[White "Brynell, Stellan"]
[Black "Eriksson, Johan"]
[Result "1/2-1/2"]
[WhiteElo "2497"]
[BlackElo "2403"]
[PlyCount "109"]
[EventDate "2006.07.01"]
[EventType "tourn"]
[EventRounds "13"]
[EventCountry "SWE"]
[EventCategory "10"]
[SourceTitle "CBM 113 Extra"]
[Source "ChessBase"]
[SourceDate "2006.09.14"]
[SourceVersion "1"]
[SourceVersionDate "2006.09.14"]
[SourceQuality "1"]

1. e4 c5 2. Nf3 d6 3. d4 cxd4 4. Nxd4 Nf6 5. Nc3 a6 6. g3 e5 7. Nb3 Be7 8. Bg2 Nbd7 9. a4 b6 10. 0-0 Bb7 11. Re1 Rc8 12. Nd2 0-0 13. Nf1 Nc5 14. Bg5 Ne6 15. Bxf6 Bxf6 16. Ne3 g6 17. Ncd5 Bg7 18. c3 Kh8 19. Qb3 Bxd5 20. Nxd5 Rb8 21. Qc4 b5 22. axb5 axb5 23. Qc6 f5 24. exf5 gxf5 25. Ra7 Nc5 26. Rd1 e4 27. Nf4 Be5 28. b4 Na4 29. Nd5 Qc8 30. Rc7 Qe8 31. Qxe8 Rbxe8 32. Rc1 Rc8 33. Rxc8 Rxc8 34. Bh3 Nxc3 35. Nxc3 Rxc3 36. Rxc3 Bxc3 37. Bxf5 Bxb4 38. Bxe4 Bc5 39. Kg2 Kg7 40. f4 b4 41. Bd5 Kf6 42. g4 h6 43. Kf3 Bd4 44. Bb3 Bc3 45. h4 Be1 46. g5+ hxg5 47. hxg5+ Kg7 48. f5 Bc3 49. Ba4 Kf7 50. Bd1 Kg7 51. Ke4 b3 52. Kd5 b2 53. Bc2 Bd2 54. f6+ Kf7 55. g6+ 1/2-1/2

[Event "Klaksvik"]
[Site "Klaksvik"]
[Date "2005.09.21"]
[Round "7"]
[White "Simonsen, Hans Kristian"]
[Black "Eriksson, Johan"]
[Result "0-1"]
[WhiteElo "2305"]
[BlackElo "2423"]
[PlyCount "56"]
[EventDate "2005.09.16"]
[EventType "tourn"]
[EventRounds "10"]
[EventCountry "FAI"]
[EventCategory "4"]
[SourceTitle "CBM 108 Extra"]
[Source "ChessBase"]
[SourceDate "2005.11.04"]
[SourceVersion "1"]
[SourceVersionDate "2005.11.04"]
[SourceQuality "1"]

1. Nf3 c5 2. g3 g6 3. Bg2 Bg7 4. 0-0 Nc6 5. e4 d6 6. c3 Bg4 7. h3 Bxf3 8. Bxf3 Nf6 9. Bg2 0-0 10. d3 Rc8 11. Qe2 b5 12. f4 b4 13. Be3 bxc3 14. bxc3 Qa5 15. Rc1 Qa4 16. Qc2 Qxc2 17. Rxc2 Nd7 18. Bf1 Rb8 19. Nd2 Rb7 20. Rac1 Rfb8 21. Nb3 a5 22. Nd2 Rb2 23. Kf2 Rxc2 24. Rxc2 Nb6 25. Nb3 a4 26. Nd2 a3 27. Nb3 Na4 28. Bd2 Na5 0-1

[Event "Klaksvik"]
[Site "Klaksvik"]
[Date "2005.09.18"]
[Round "4"]
[White "Eriksson, Johan"]
[Black "Gullaksen, Eirik Tvedt"]
[Result "1/2-1/2"]
[WhiteElo "2423"]
[BlackElo "2382"]
[PlyCount "210"]
[EventDate "2005.09.16"]
[EventType "tourn"]
[EventRounds "10"]
[EventCountry "FAI"]
[EventCategory "4"]
[SourceTitle "CBM 108 Extra"]
[Source "ChessBase"]
[SourceDate "2005.11.04"]
[SourceVersion "1"]
[SourceVersionDate "2005.11.04"]
[SourceQuality "1"]

1. Nf3 Nf6 2. c4 g6 3. Nc3 Bg7 4. g3 d6 5. Bg2 0-0 6. 0-0 c6 7. Rb1 a5 8. a3 Bf5 9. d3 Qc8 10. e4 Bg4 11. Bd2 h6 12. b3 e5 13. Qc1 Kh7 14. Nd1 Bh3 15. Ne3 Bxg2 16. Kxg2 Nbd7 17. b4 axb4 18. axb4 Re8 19. Nh4 d5 20. cxd5 cxd5 21. exd5 Nb6 22. Qc5 Qd8 23. Rfc1 Nfxd5 24. Nxd5 Qxd5+ 25. Qxd5 Nxd5 26. Rc5 Red8 27. Ra5 Rac8 28. Nf3 f6 29. Re1 Rc2 30. Rc5 Rb2 31. Re4 Rb3 32. d4 f5 33. Rh4 Rxf3 34. Kxf3 e4+ 35. Ke2 h5 36. Bg5 Rd7 37. f3 b6 38. Rc6 Bxd4 39. fxe4 Nc3+ 40. Rxc3 Bxc3 41. exf5 gxf5 42. Be3 b5 43. Rxh5+ Kg6 44. Rg5+ Kf6 45. g4 fxg4 46. Rxg4 Rh7 47. h4 Kf5 48. Rg5+ Ke6 49. Rg4 Kf5 50. Kf3 Be1 51. Bg5 Rc7 52. Rf4+ Kg6 53. Ke2 Bc3 54. Kd3 Be1 55. Rf6+ Kh5 56. Rf5 Rd7+ 57. Ke4 Bxb4 58. Be7+ Kg4 59. Rf4+ Kh3 60. Bxb4 Rh7 61. Rf3+ Kxh4 62. Rf1 Kg5 63. Rf5+ Kg6 64. Rxb5 Rh4+ 65. Kf3 Kf6 66. Bd2 Rc4 67. Bf4 Ra4 68. Kg4 Ke6 69. Re5+ Kf6 70. Rh5 Ke6 71. Rh6+ Kd5 72. Kf5 Ra1 73. Rd6+ Kc5 74. Rd2 Rf1 75. Ke4 Re1+ 76. Kf5 Rf1 77. Rd8 Kc6 78. Ke4 Re1+ 79. Be3 Kc7 80. Rd5 Kc6 81. Rc5+ Kd6 82. Rh5 Kc6 83. Rh6+ Kd7 84. Kd4 Rd1+ 85. Kc5 Ke7 86. Bd4 Kf7 87. Kd5 Rd2 88. Ke5 Re2+ 89. Kf5 Ke7 90. Be5 Rf2+ 91. Ke4 Rf1 92. Kd5 Rd1+ 93. Bd4 Kf7 94. Ra6 Rh1 95. Ra7+ Kg6 96. Ke6 Re1+ 97. Be5 Rb1 98. Rg7+ Kh6 99. Rg8 Rf1 100. Bf6 Kh5 101. Rg5+ Kh6 102. Kf7 Rf4 103. Rg3 Kh5 104. Kg7 Rg4+ 105. Rxg4 Kxg4 1/2-1/2

[Event "Salongernas IM 5th"]
[Site "Stockholm"]
[Date "2005.06.16"]
[Round "6"]
[White "Livner, Anders"]
[Black "Eriksson, Johan"]
[Result "0-1"]
[WhiteElo "2250"]
[BlackElo "2423"]
[PlyCount "172"]
[EventDate "2005.06.11"]
[EventType "tourn"]
[EventRounds "9"]
[EventCountry "SWE"]
[EventCategory "4"]
[SourceTitle "CBM 106 Extra"]
[Source "ChessBase"]
[SourceDate "2005.07.01"]
[SourceVersion "1"]
[SourceVersionDate "2005.07.01"]
[SourceQuality "1"]

1. d4 Nf6 2. c4 g6 3. g3 Bg7 4. Bg2 0-0 5. Nf3 d6 6. 0-0 Nc6 7. Nc3 a6 8. Re1 Rb8 9. Rb1 Bf5 10. e4 Bg4 11. Be3 Nd7 12. Ne2 Na5 13. b3 c5 14. h3 Bxf3 15. Bxf3 Nc6 16. d5 Na5 17. Bg2 b5 18. cxb5 axb5 19. Qd2 Re8 20. f4 b4 21. Qd3 Qb6 22. Bf1 Rec8 23. Rec1 Qd8 24. Kh2 Rc7 25. Ng1 Ra8 26. Rc2 Rca7 27. Re1 Nb7 28. Ree2 Ra5 29. Nf3 R8a7 30. Rf2 Qa8 31. Qe2 Nf6 32. Bc1 Ne8 33. f5 Nf6 34. e5 dxe5 35. fxg6 hxg6 36. Nxe5 Nd6 37. Bg2 Nfe4 38. Bxe4 Bxe5 39. Bxg6 Qxd5 40. Bd3 Kf8 41. Bf4 Bd4 42. Be3 e5 43. Bh6+ Ke8 44. Rf6 e4 45. Rxd6 Qxd6 46. Qxe4+ Re7 47. Qg4 Qe6 48. Qg8+ Kd7 49. Bf4 Re8 50. Qg5 Bf6 51. Qh5 Rh8 52. Bh7 Bd4 53. h4 Ra7 54. Re2 Rxh7 55. Qf3 Qf5 56. g4 Rxh4+ 57. Kg3 Qxg4+ 58. Qxg4+ Rxg4+ 59. Kxg4 Ra6 60. Kf5 Rf6+ 61. Kg4 Re6 62. Rc2 Re1 63. Kf5 Rf1 64. Ke4 f5+ 65. Kxf5 Be3 66. Rc4 Kc6 67. Ke5 Bd4+ 68. Ke4 Rf2 69. Rc1 Rxa2 70. Kd3 Kb5 71. Rb1 Rf2 72. Bd2 Rf3+ 73. Kc2 Rf2 74. Kd3 Rf3+ 75. Kc2 Rh3 76. Rf1 Rh2 77. Kd3 Rh3+ 78. Kc2 Rh5 79. Rf8 Be5 80. Rc8 Rh2 81. Kd3 Rh1 82. Kc2 Ra1 83. Re8 Bd4 84. Rb8+ Kc6 85. Kd3 Ra2 86. Bf4 Rb2 0-1

[Event "Salongernas IM 5th"]
[Site "Stockholm"]
[Date "2005.06.15"]
[Round "5"]
[White "Eriksson, Johan"]
[Black "Lie, Espen"]
[Result "0-1"]
[WhiteElo "2423"]
[BlackElo "2296"]
[PlyCount "68"]
[EventDate "2005.06.11"]
[EventType "tourn"]
[EventRounds "9"]
[EventCountry "SWE"]
[EventCategory "4"]
[SourceTitle "CBM 106 Extra"]
[Source "ChessBase"]
[SourceDate "2005.07.01"]
[SourceVersion "1"]
[SourceVersionDate "2005.07.01"]
[SourceQuality "1"]

1. d4 d5 2. c4 e6 3. Nc3 c5 4. cxd5 exd5 5. Nf3 Nc6 6. g3 Nf6 7. Bg2 Be7 8. 0-0 0-0 9. Bg5 c4 10. Ne5 Be6 11. b3 h6 12. Bxf6 Bxf6 13. Nxc6 bxc6 14. bxc4 dxc4 15. e3 Qa5 16. Qc2 Rac8 17. Ne4 Be7 18. Nd2 Qa6 19. Rab1 Rfd8 20. Rfc1 Ba3 21. Rd1 Bf8 22. f4 f5 23. Nf3 Qa3 24. Kh1 c5 25. d5 Rxd5 26. Rxd5 Bxd5 27. Ne5 Be6 28. Nxc4 Bxc4 29. Qxc4+ Kh8 30. Qe6 Qd3 31. Re1 Rd8 32. Bf3 Qd7 33. Qg6 Qd2 34. Rd1 Qf2 0-1